[Event "GER-ch 94th"]
[Site "Ostfildern"]
[Date "2023.08.16"]
[Round "4"]
[White "Bosselmann, Tom Linus"]
[Black "Krassowizkij, Jaroslaw"]
[Result "0-1"]
[WhiteElo "2106"]
[BlackElo "2445"]
[PlyCount "68"]
[EventDate "2023.08.14"]
[EventType "swiss"]
[EventRounds "9"]
[EventCountry "GER"]
[SourceTitle "CBM 215 Extra"]
[Source "ChessBase"]
[SourceDate "2023.09.30"]
[SourceVersion "1"]
[SourceVersionDate "2023.09.30"]
[SourceQuality "1"]

1. e4 c6 2. Nc3 d5 3. Nf3 Nf6 4. e5 Ne4 5. Ne2 Qb6 6. d4 e6 7. Ng3 c5 8. Bd3 Nxg3 9. fxg3 h6 10. 0-0 Bd7 11. Nh4 Nc6 12. Qh5 0-0-0 13. Qxf7 c4 14. Ng6 Qxd4+ 15. Kh1 Nxe5 16. Nxe5 Qxe5 17. Bf4 Qf6 18. Bg6 Bc5 19. Qxf6 gxf6 20. Rae1 Be8 21. Bxe8 Rdxe8 22. Bd2 f5 23. Bf4 Kd7 24. Be5 Rhg8 25. b3 b5 26. Rb1 Kc6 27. Rf3 h5 28. b4 Bb6 29. a4 bxa4 30. b5+ Kc5 31. Ra3 Rg4 32. c3 Re4 33. Bd4+ Rxd4 34. cxd4+ Kxd4 0-1

[Event "GER-ch 94th"]
[Site "Ostfildern"]
[Date "2023.08.15"]
[Round "2"]
[White "Weishaeutel, Moritz"]
[Black "Bosselmann, Tom Linus"]
[Result "1-0"]
[WhiteElo "2427"]
[BlackElo "2106"]
[PlyCount "65"]
[EventDate "2023.08.14"]
[EventType "swiss"]
[EventRounds "9"]
[EventCountry "GER"]
[SourceTitle "CBM 215 Extra"]
[Source "ChessBase"]
[SourceDate "2023.09.30"]
[SourceVersion "1"]
[SourceVersionDate "2023.09.30"]
[SourceQuality "1"]

1. d4 Nf6 2. c4 g6 3. g3 Bg7 4. Bg2 d5 5. cxd5 Nxd5 6. e4 Nb6 7. Ne2 0-0 8. 0-0 a5 9. Nbc3 Nc6 10. d5 Nb4 11. a3 Na6 12. Nf4 Bd7 13. Qe2 Qe8 14. Rd1 e5 15. Nd3 a4 16. Be3 Nc4 17. Nc5 Nxe3 18. Qxe3 Nxc5 19. Qxc5 Qb8 20. Rac1 b6 21. Qc4 Bh6 22. Rc2 Ra5 23. Qf1 Rc5 24. Bh3 Bb5 25. Qxb5 Rxb5 26. Nxb5 f5 27. Nxc7 Rf7 28. d6 Qd8 29. exf5 gxf5 30. Bf1 Kh8 31. Bb5 Qf6 32. d7 Rf8 33. Ne8 1-0

[Event "Pardubice Czech op-A 34th"]
[Site "Pardubice"]
[Date "2023.07.21"]
[Round "1"]
[White "Panda, Sambit"]
[Black "Bosselmann, Tom Linus"]
[Result "1/2-1/2"]
[WhiteElo "2417"]
[BlackElo "2122"]
[PlyCount "94"]
[EventDate "2023.07.21"]
[EventType "swiss"]
[EventRounds "9"]
[EventCountry "CZE"]
[SourceTitle "CBM 215 Extra"]
[Source "ChessBase"]
[SourceDate "2023.09.30"]
[SourceVersion "1"]
[SourceVersionDate "2023.09.30"]
[SourceQuality "1"]

1. c4 e5 2. Nc3 Nc6 3. Nf3 f5 4. g3 Nf6 5. Rb1 a5 6. d4 e4 7. Nh4 d6 8. Bg5 g6 9. Ng2 Be7 10. Nf4 0-0 11. e3 Kg7 12. Bg2 h6 13. Bxf6+ Bxf6 14. 0-0 Bd7 15. f3 exf3 16. Bxf3 Bg5 17. Qd2 Rb8 18. Ncd5 Ne7 19. Qxa5 Nxd5 20. Nxd5 Ra8 21. Qb4 Bc6 22. Qb3 Re8 23. Rbe1 Bxd5 24. Bxd5 c6 25. Bg2 Re7 26. h4 Bf6 27. h5 Qe8 28. hxg6 Qxg6 29. Kh2 Rae8 30. Qd3 f4 31. Qxg6+ Kxg6 32. Rxf4 Bg5 33. Rff1 Bxe3 34. Rd1 Bg5 35. Bf3 Re3 36. Rf2 Re1 37. Kg2 Rxd1 38. Bxd1 Re1 39. Bc2+ Kg7 40. Kf3 Be3 41. Rg2 Bxd4 42. b3 Kf6 43. Kg4 Be3 44. Kf3 Bd4 45. Rh2 Kg5 46. Re2 Rxe2 47. Kxe2 Kf6 1/2-1/2

[Event "GER-chT Lands U20"]
[Site "Wiesbaden"]
[Date "2022.10.03"]
[Round "5.3"]
[White "Bosselmann, Tom Linus"]
[Black "Haenselmann, Hendrik"]
[Result "1/2-1/2"]
[WhiteElo "2061"]
[BlackElo "1989"]
[PlyCount "87"]
[EventDate "2022.09.30"]
[EventType "team-swiss"]
[EventRounds "7"]
[EventCountry "GER"]
[SourceTitle "CBM 210 Extra"]
[Source "ChessBase"]
[SourceDate "2022.11.30"]
[SourceVersion "1"]
[SourceVersionDate "2022.11.30"]
[SourceQuality "1"]
[WhiteTeam "Schleswig Holstein U20"]
[BlackTeam "Baden U20"]
[WhiteTeamCountry "GER"]
[BlackTeamCountry "GER"]

1. d4 Nf6 2. c4 g6 3. Nc3 Bg7 4. e4 d6 5. h3 0-0 6. Be3 e5 7. d5 Na6 8. g4 Nc5 9. f3 a5 10. Qd2 Ne8 11. h4 f5 12. g5 f4 13. Bf2 Bh8 14. Nge2 Ng7 15. Nc1 b6 16. Rg1 Nh5 17. Nd3 Nxd3+ 18. Bxd3 Bd7 19. b3 Rf7 20. a3 Qb8 21. Qd1 Qb7 22. Kd2 Rff8 23. Qc2 Ra7 24. Ra2 Rfa8 25. Rga1 Bg7 26. b4 axb4 27. axb4 Bf8 28. Rxa7 Rxa7 29. Rxa7 Qxa7 30. Qa2 Qxa2+ 31. Nxa2 Be7 32. Nc1 h6 33. gxh6 Ng3 34. c5 bxc5 35. bxc5 dxc5 36. Nb3 Bxh4 37. Nxc5 Bc8 38. Ba6 Bh3 39. Bc4 Kh7 40. Ke1 Kxh6 41. Na6 Bd8 42. Nb8 g5 43. Bd3 Kg6 44. Nc6 1/2-1/2

[Event "GER-chT Lands U20"]
[Site "Wiesbaden"]
[Date "2022.10.01"]
[Round "1.4"]
[White "Bosselmann, Tom Linus"]
[Black "Popist, Florian"]
[Result "1/2-1/2"]
[WhiteElo "2061"]
[BlackElo "2187"]
[PlyCount "81"]
[EventDate "2022.09.30"]
[EventType "team-swiss"]
[EventRounds "7"]
[EventCountry "GER"]
[SourceTitle "CBM 210 Extra"]
[Source "ChessBase"]
[SourceDate "2022.11.30"]
[SourceVersion "1"]
[SourceVersionDate "2022.11.30"]
[SourceQuality "1"]
[WhiteTeam "Schleswig Holstein U20"]
[BlackTeam "Hamburg U20"]
[WhiteTeamCountry "GER"]
[BlackTeamCountry "GER"]

1. d4 d5 2. c4 dxc4 3. Nf3 Nf6 4. e3 e6 5. Bxc4 c5 6. 0-0 Nc6 7. Nc3 a6 8. a4 Qc7 9. Bb3 Be7 10. dxc5 Bxc5 11. e4 Ng4 12. h3 Nxf2 13. Rxf2 Qb6 14. Qc2 Bxf2+ 15. Qxf2 Qxb3 16. Be3 Bd7 17. Ra3 Qc4 18. Nd2 Qb4 19. Rb3 Qe7 20. Nc4 0-0 21. Bc5 Qg5 22. Bxf8 Rxf8 23. Rxb7 Rd8 24. Qe3 Qxe3+ 25. Nxe3 Kf8 26. Nc4 Ke7 27. Kf2 Rb8 28. Rxb8 Nxb8 29. Ke3 Nc6 30. b3 f6 31. a5 Be8 32. Na4 e5 33. Nc5 Nb4 34. Kd2 Bb5 35. Kc3 Nc6 36. b4 Nd4 37. Ne3 Kd6 38. h4 g6 39. g4 Ne2+ 40. Kd2 Nf4 41. Kc3 1/2-1/2

[Event "GER-chT Lands U20"]
[Site "Neumuenster"]
[Date "2021.10.05"]
[Round "6.4"]
[White "Pubantz, Jan"]
[Black "Bosselmann, Tom Linus"]
[Result "1-0"]
[WhiteElo "2274"]
[BlackElo "2064"]
[PlyCount "73"]
[EventDate "2021.10.01"]
[EventType "team-swiss"]
[EventRounds "7"]
[EventCountry "GER"]
[SourceTitle "CBM 204 Extra"]
[Source "ChessBase"]
[SourceDate "2021.11.30"]
[SourceVersion "1"]
[SourceVersionDate "2021.11.30"]
[SourceQuality "1"]
[WhiteTeam "Niedersachsen"]
[BlackTeam "Schleswig Holstein"]
[WhiteTeamCountry "GER"]
[BlackTeamCountry "GER"]

1. d4 Nf6 2. Nf3 g6 3. g3 Bg7 4. Bg2 0-0 5. 0-0 d6 6. b3 c5 7. Bb2 Nc6 8. c4 a6 9. Nc3 Bg4 10. dxc5 dxc5 11. Na4 Qd6 12. Qc1 e5 13. Qe3 Nd7 14. Ng5 Bf5 15. Rad1 Qe7 16. Bxc6 bxc6 17. Ne4 Bxe4 18. Qxe4 Rac8 19. Ba3 Rfd8 20. Qe3 Bf8 21. Rd2 Rb8 22. Rfd1 h5 23. Bb2 Bg7 24. Qe4 Rbc8 25. Rd6 Nf6 26. Rxd8+ Rxd8 27. Rxd8+ Qxd8 28. Qxe5 Ne8 29. Qe3 Bd4 30. Bxd4 cxd4 31. Qe4 Qd7 32. Nc5 Nf6 33. Qe5 Qd8 34. Nxa6 Qa8 35. Qb8+ Qxb8 36. Nxb8 c5 37. a4 1-0

[Event "GER-chT Lands U20"]
[Site "Neumuenster"]
[Date "2021.10.04"]
[Round "5.5"]
[White "Bosselmann, Tom Linus"]
[Black "Haubold, Sebastian Marcel"]
[Result "1-0"]
[WhiteElo "2064"]
[BlackElo "1884"]
[PlyCount "101"]
[EventDate "2021.10.01"]
[EventType "team-swiss"]
[EventRounds "7"]
[EventCountry "GER"]
[SourceTitle "CBM 204 Extra"]
[Source "ChessBase"]
[SourceDate "2021.11.30"]
[SourceVersion "1"]
[SourceVersionDate "2021.11.30"]
[SourceQuality "1"]
[WhiteTeam "Schleswig Holstein"]
[BlackTeam "Sachsen Anhalt"]
[WhiteTeamCountry "GER"]
[BlackTeamCountry "GER"]

1. e4 e5 2. Nf3 Nc6 3. Bb5 a6 4. Ba4 Nf6 5. d3 d6 6. c3 Be7 7. 0-0 b5 8. Bc2 0-0 9. h3 Bb7 10. Re1 Re8 11. Nbd2 Bf8 12. Nf1 g6 13. Ng3 Bg7 14. a4 Qd7 15. d4 exd4 16. cxd4 Nb4 17. Bb1 c5 18. d5 a5 19. Bd2 Ba6 20. Bc3 bxa4 21. Bc2 Nxc2 22. Qxc2 Bb5 23. Qd2 Qd8 24. Qf4 h6 25. Rad1 Nh7 26. e5 dxe5 27. Nxe5 Qf6 28. Qc1 Qg5 29. Bd2 Qd8 30. Qxc5 Bxe5 31. Qxb5 Rb8 32. Qxa4 Qxd5 33. Bc3 Qc5 34. Ne4 Qc8 35. Bxe5 Rxe5 36. Nf6+ Nxf6 37. Rxe5 Rxb2 38. Qxa5 Qc2 39. Qd8+ Kg7 40. Qd4 Ra2 41. Rb5 Ra4 42. Qd3 Qc6 43. Rb8 Ra8 44. Rxa8 Qxa8 45. Qc3 Qa6 46. Rd8 Qe6 47. Rc8 Qe7 48. Rc6 Qd8 49. Qe5 Qd1+ 50. Kh2 Qd8 51. Rd6 1-0

[Event "GER-chT Christmas U20"]
[Site "Playchess.com INT"]
[Date "2020.12.29"]
[Round "5.1"]
[White "Bosselmann, Tom Linus"]
[Black "Bethke, Richard"]
[Result "0-1"]
[WhiteElo "2060"]
[BlackElo "2332"]
[PlyCount "84"]
[EventDate "2020.12.29"]
[EventType "team-swiss (blitz)"]
[EventRounds "7"]
[EventCountry "GER"]
[SourceTitle "CBM 200 Extra"]
[Source "ChessBase"]
[SourceDate "2021.03.31"]
[SourceVersion "1"]
[SourceVersionDate "2021.03.31"]
[SourceQuality "1"]
[WhiteTeam "Luebeck II"]
[BlackTeam "Neuberg"]
[WhiteTeamCountry "GER"]
[BlackTeamCountry "GER"]

1. e4 c5 2. Nf3 d6 3. d4 cxd4 4. Nxd4 Nf6 5. Nc3 a6 6. Be3 e5 7. Nb3 Be6 8. f3 h5 9. Qd2 Nbd7 10. 0-0-0 g6 11. h3 Rc8 12. Be2 b5 13. g4 b4 14. Nd5 Bxd5 15. exd5 a5 16. Kb1 Bg7 17. g5 Nh7 18. f4 0-0 19. f5 gxf5 20. h4 f4 21. Bf2 a4 22. Nc1 Nc5 23. Bxc5 Rxc5 24. Bxh5 a3 25. Qxb4 Qc7 26. g6 Nf6 27. gxf7+ Kh8 28. Bg6 e4 29. Bxe4 Rc4 30. Qxa3 Nxe4 31. Qf3 Qxf7 32. Nb3 Rfc8 33. Rh2 Qf5 34. h5 Ng5 35. Qd3 Qxd3 36. Rxd3 f3 37. Na5 Rg4 38. a3 Be5 39. Rh1 f2 40. Rdd1 Nf3 41. Rhf1 Rg1 42. Nc6 Rxf1 0-1

[Event "GER-chT Christmas U20"]
[Site "Playchess.com INT"]
[Date "2020.12.29"]
[Round "2.1"]
[White "Bosselmann, Tom Linus"]
[Black "Krastev, Alexander"]
[Result "1-0"]
[WhiteElo "2060"]
[BlackElo "2367"]
[PlyCount "163"]
[EventDate "2020.12.29"]
[EventType "team-swiss (blitz)"]
[EventRounds "7"]
[EventCountry "GER"]
[SourceTitle "CBM 200 Extra"]
[Source "ChessBase"]
[SourceDate "2021.03.31"]
[SourceVersion "1"]
[SourceVersionDate "2021.03.31"]
[SourceQuality "1"]
[WhiteTeam "Luebeck II"]
[BlackTeam "Solingen"]
[WhiteTeamCountry "GER"]
[BlackTeamCountry "GER"]

1. e4 g6 2. d4 Bg7 3. Nc3 c5 4. Nf3 cxd4 5. Nxd4 Nc6 6. Be3 Nf6 7. f3 Qb6 8. Nf5 Qxb2 9. Nxg7+ Kf8 10. Na4 Qa3 11. c3 b6 12. Bh6 Kg8 13. Bc1 Qd6 14. Qxd6 exd6 15. Bh6 Ne5 16. Be2 Bb7 17. c4 Rc8 18. Nb2 Nxe4 19. fxe4 Bxe4 20. 0-0 f5 21. Rad1 Nf7 22. Nxf5 Bxf5 23. Bf4 Kg7 24. Bxd6 Rhe8 25. Bf3 Nxd6 26. Rxd6 Re3 27. Rd4 Ra3 28. Be4 Be6 29. Bd5 Rxa2 30. Bxe6 dxe6 31. Rd7+ Kh6 32. Rb1 b5 33. Rd4 a5 34. Rh4+ Kg5 35. Rxh7 bxc4 36. Nd1 c3 37. Rc1 c2 38. Ne3 Rc3 39. Kf2 Raa3 40. Nf1 Rab3 41. Nd2 Rb4 42. Ra7 a4 43. Rb7 Rf4+ 44. Nf3+ Kf6 45. Rb2 Rfc4 46. Nd2 Rf4+ 47. Kg1 Ke5 48. Rbxc2 Rxc2 49. Rxc2 Kd5 50. h3 Rf8 51. Nb1 Rf4 52. Nc3+ Kc4 53. Nxa4+ Kb3 54. Rc6 Rxa4 55. Rxe6 g5 56. Kf2 Ra5 57. Kf3 Kc4 58. Rg6 Kd3 59. Rg8 Kd4 60. Kg4 Ra2 61. g3 Ke3 62. Rf8 Rg2 63. Rf5 Ke4 64. Rxg5 Ra2 65. h4 Rh2 66. Rf5 Rg2 67. Rf8 Ke5 68. h5 Ke6 69. h6 Rh2 70. Kg5 Ke7 71. Rf1 Ke8 72. g4 Rh3 73. Kg6 Ra3 74. g5 Ra6+ 75. Kg7 Ra7+ 76. Kg8 Ra6 77. Re1+ Kd7 78. Kg7 Ra5 79. g6 Kd6 80. h7 Ra7+ 81. Kh6 Ra8 82. g7 1-0

[Event "GER-ch U18"]
[Site "Willingen"]
[Date "2020.10.23"]
[Round "5"]
[White "Lesny, Florian"]
[Black "Bosselmann, Tom Linus"]
[Result "1/2-1/2"]
[WhiteElo "2178"]
[BlackElo "2054"]
[PlyCount "41"]
[EventDate "2020.10.19"]
[EventType "swiss"]
[EventRounds "7"]
[EventCountry "GER"]
[SourceTitle "EXT 2022"]
[Source "ChessBase"]
[SourceDate "2021.10.06"]
[SourceVersion "1"]
[SourceVersionDate "2021.10.06"]
[SourceQuality "1"]

1. e4 c5 2. Nf3 d6 3. d4 cxd4 4. Nxd4 Nf6 5. Nc3 a6 6. Be3 e5 7. Nb3 Be6 8. f3 Be7 9. Qd2 0-0 10. 0-0-0 Nbd7 11. g4 b5 12. g5 b4 13. gxf6 bxc3 14. Qxc3 Nxf6 15. Na5 Qd7 16. Nc6 Rfc8 17. Nxe7+ Qxe7 18. Qa5 Ne8 19. Rg1 Qb7 20. Rg2 Rab8 21. Qa3 1/2-1/2

[Event "GER-ch U18 sf Berlin Online"]
[Site "Playchess.com INT"]
[Date "2020.05.01"]
[Round "5"]
[White "Bosselmann, Tom Linus"]
[Black "Buchinger, Alexis"]
[Result "1-0"]
[WhiteElo "1767"]
[BlackElo "1620"]
[PlyCount "61"]
[EventDate "2020.05.01"]
[EventType "swiss (blitz)"]
[EventRounds "13"]
[EventCountry "GER"]
[SourceTitle "CBM 195 Extra"]
[Source "ChessBase"]
[SourceDate "2020.05.31"]
[SourceVersion "1"]
[SourceVersionDate "2020.05.31"]
[SourceQuality "1"]

1. e4 e5 2. f4 exf4 3. Nf3 d6 4. d4 Nf6 5. Nc3 Nc6 6. Bxf4 Bg4 7. Bb5 Be7 8. d5 a6 9. Ba4 b5 10. Nxb5 axb5 11. Bxb5 Rb8 12. Bxc6+ Bd7 13. Bxd7+ Qxd7 14. b3 Nxe4 15. 0-0 Nf6 16. c4 0-0 17. h3 Rfe8 18. Qd3 Bf8 19. Rfe1 Rxe1+ 20. Rxe1 Re8 21. Rxe8 Qxe8 22. Qe3 Qxe3+ 23. Bxe3 Be7 24. a4 Nd7 25. a5 Nb8 26. b4 Kf8 27. b5 Nd7 28. a6 c5 29. dxc6 Nc5 30. Bxc5 dxc5 31. c7 1-0

[Event "GER-ch U18 sf Berlin Online"]
[Site "Playchess.com INT"]
[Date "2020.05.01"]
[Round "3"]
[White "Bosselmann, Tom Linus"]
[Black "Ruddat, Jarne"]
[Result "1-0"]
[WhiteElo "1767"]
[BlackElo "1617"]
[PlyCount "91"]
[EventDate "2020.05.01"]
[EventType "swiss (blitz)"]
[EventRounds "13"]
[EventCountry "GER"]
[SourceTitle "CBM 195 Extra"]
[Source "ChessBase"]
[SourceDate "2020.05.31"]
[SourceVersion "1"]
[SourceVersionDate "2020.05.31"]
[SourceQuality "1"]

1. e4 c5 2. Nf3 g6 3. Nc3 Bg7 4. d4 cxd4 5. Nxd4 Nc6 6. Be3 Nf6 7. f3 0-0 8. Bc4 Qb6 9. Ncb5 a6 10. Nf5 Qa5+ 11. Bd2 Qd8 12. Nxg7 axb5 13. Bxb5 Kxg7 14. Bc3 Kg8 15. Qd2 Qb6 16. Bc4 Ra4 17. Bb3 Ra8 18. e5 Ne8 19. h4 h5 20. g4 Ng7 21. Rg1 Kh7 22. 0-0-0 Na5 23. Bxa5 Rxa5 24. gxh5 Nxh5 25. f4 e6 26. Rdf1 Rd8 27. Rg5 d6 28. Qe2 Kh6 29. f5 exf5 30. Bxf7 dxe5 31. Rxg6+ Qxg6 32. Bxg6 Kxg6 33. Rg1+ Kh6 34. Rg5 Nf4 35. Qf1 Rxa2 36. Kb1 Ra4 37. Qb5 Ra6 38. b3 Rd1+ 39. Kb2 Rda1 40. Qe8 R1a2+ 41. Kc3 Nd5+ 42. Kc4 Ne3+ 43. Kd3 Rd6+ 44. Kxe3 f4+ 45. Kf3 Rxc2 46. Qh8# 1-0

[Event "GER-ch U18 sf Berlin Online"]
[Site "Playchess.com INT"]
[Date "2020.05.01"]
[Round "9"]
[White "Sereda, Yaroslava"]
[Black "Bosselmann, Tom Linus"]
[Result "0-1"]
[WhiteElo "1620"]
[BlackElo "1767"]
[PlyCount "58"]
[EventDate "2020.05.01"]
[EventType "swiss (blitz)"]
[EventRounds "13"]
[EventCountry "GER"]
[SourceTitle "CBM 195 Extra"]
[Source "ChessBase"]
[SourceDate "2020.05.31"]
[SourceVersion "1"]
[SourceVersionDate "2020.05.31"]
[SourceQuality "1"]

1. e4 c5 2. Nf3 d6 3. d4 cxd4 4. Nxd4 Nf6 5. Nc3 g6 6. Be3 Bg7 7. Be2 0-0 8. 0-0 Nc6 9. Nb3 Bd7 10. f4 a6 11. Bf3 Rc8 12. Nd5 Nxd5 13. exd5 Na5 14. Nxa5 Qxa5 15. c3 b5 16. Bd4 Bxd4+ 17. Qxd4 Rc4 18. Qe3 b4 19. Qxe7 Bf5 20. Qxd6 bxc3 21. bxc3 Rxc3 22. g4 Bd3 23. Rfe1 Rd8 24. Qe5 Qb6+ 25. Kh1 Rc2 26. Rac1 Rxa2 27. f5 Qf2 28. Be4 Bxe4+ 29. Rxe4 Qg2# 0-1

[Event "GER-ch Net Amateur Gr-A Vor2"]
[Site "Playchess.com INT"]
[Date "2020.04.15"]
[Round "7"]
[White "Bosselmann, Tom Linus"]
[Black "Tiarks, Jann Christian"]
[Result "0-1"]
[WhiteElo "1620"]
[BlackElo "1937"]
[PlyCount "48"]
[EventDate "2020.04.15"]
[EventType "swiss (blitz)"]
[EventRounds "9"]
[EventCountry "GER"]
[SourceTitle "CBM 196 Extra"]
[Source "ChessBase"]
[SourceDate "2020.07.31"]
[SourceVersion "1"]
[SourceVersionDate "2020.07.31"]
[SourceQuality "1"]

1. e4 c5 2. Nf3 d6 3. d4 cxd4 4. Nxd4 Nf6 5. Nc3 a6 6. Be3 e5 7. Nb3 Be6 8. f3 Be7 9. Qd2 0-0 10. 0-0-0 Nbd7 11. g4 b5 12. g5 Nh5 13. Rg1 Nb6 14. Kb1 Nc4 15. Bxc4 bxc4 16. Nc1 Rb8 17. Nd5 Bxd5 18. Qxd5 Qc7 19. g6 hxg6 20. Rd2 Rb5 21. Ne2 Rxd5 22. Rxd5 Rb8 23. Nc3 Nf4 24. Bxf4 Qb6 0-1

[Event "GER-ch Net Amateur Gr-A Vor2"]
[Site "Playchess.com INT"]
[Date "2020.04.15"]
[Round "3"]
[White "Wehrle, Uwe"]
[Black "Bosselmann, Tom Linus"]
[Result "0-1"]
[WhiteElo "1766"]
[BlackElo "1620"]
[PlyCount "61"]
[EventDate "2020.04.15"]
[EventType "swiss (blitz)"]
[EventRounds "9"]
[EventCountry "GER"]
[SourceTitle "CBM 196 Extra"]
[Source "ChessBase"]
[SourceDate "2020.07.31"]
[SourceVersion "1"]
[SourceVersionDate "2020.07.31"]
[SourceQuality "1"]

1. d4 Nf6 2. c4 g6 3. Nf3 Bg7 4. g3 0-0 5. Bg2 d6 6. 0-0 a6 7. Nc3 Nc6 8. e4 Rb8 9. a4 Bd7 10. Be3 e5 11. d5 Ne7 12. h3 Qc8 13. Kh2 Ne8 14. Qd2 f5 15. Bh6 Nf6 16. Bxg7 Kxg7 17. Nh4 fxe4 18. Nxe4 Nf5 19. Nxf6 Rxf6 20. Qg5 Nxh4 21. Qxh4 Qf8 22. f4 exf4 23. Rxf4 Rxf4 24. gxf4 Qf6 25. Qxf6+ Kxf6 26. Kg3 Re8 27. Kf3 Bf5 28. Kf2 Bd3 29. b3 Re2+ 30. Kf3 Rb2 31. Ra2 0-1